000 00568nam a2200181Ia 4500
008 090123s9999 xx 000 0 und d
082 _b4801
100 _aदाते वा.भा.
245 _aमधमाश्या संवर्धन
250 _a1
260 _bउद्यम प्रकाशन
_c1977
300 _a69
600 _aदाते वा.भा.
630 _aमधमाश्या संवर्धन
700 _aदाते वा.भा.
730 _aमधमाश्या संवर्धन
942 _cBOOK
999 _c42876
_d42876